| 000 | 00540nam a22001817a 4500 | ||
|---|---|---|---|
| 003 | NUST-PNEC | ||
| 005 | 20170116180745.0 | ||
| 008 | 150130b xxu||||| |||| 00| 0 eng d | ||
| 020 | _a81723117100 (Set) | ||
| 040 | _cPNEC | ||
| 082 | _a297.1254 ISM | ||
| 100 |
_91271 _aIsmail Al-Bukhari |
||
| 245 |
_aSahih al - Bukhari (Arabic-English) Vol IX _cImam Abi Abdullah Muhammad Bin Ismail Al-Bukhari |
||
| 260 |
_aNew Delhi : _bIsmail Books Services, _cc2006. |
||
| 300 |
_a519 p. : _c24 cm. |
||
| 650 |
_xGeneral _xIslam |
||
| 942 |
_2ddc _cBK |
||
| 999 |
_c62359 _d62359 |
||